M-1グランプリ(2015年以降)で準決勝に進出したコンビ - Statistics

General Stats
  • This quiz has been taken 240 times
    183 since last reset
  • The average score is 155 of 281
Answer Stats
グループ コンビ名 所属事務所 Hint % Correct
A 魔人無骨 よしもとクリエイティブ・エージェンシー ワイルドカード
96%
B 令和ロマン 吉本興業
96%
C 令和ロマン 吉本興業 優勝
96%
D 令和ロマン 優勝
96%
A 錦鯉 SMA
87%
B 錦鯉 SMA
87%
D 錦鯉 SMA 決勝4位
87%
D 錦鯉 SMA 優勝
87%
C 和牛 よしもとクリエイティブ・エージェンシー 決勝6位
84%
C 和牛 よしもとクリエイティブ・エージェンシー 準優勝・敗者復活
84%
D 和牛 よしもとクリエイティブ・エージェンシー 準優勝
84%
C 和牛 よしもとクリエイティブ・エージェンシー 準優勝
84%
D 和牛 吉本興業 決勝4位・敗者復活
84%
C かまいたち よしもとクリエイティブ・エージェンシー
83%
B かまいたち よしもとクリエイティブ・エージェンシー
83%
D かまいたち よしもとクリエイティブ・エージェンシー 決勝4位タイ
83%
D かまいたち よしもとクリエイティブ・エージェンシー 決勝5位
83%
C かまいたち 吉本興業 準優勝
83%
A 真空ジェシカ プロダクション人力舎 決勝6位
83%
B 真空ジェシカ プロダクション人力舎 決勝5位
83%
B 真空ジェシカ プロダクション人力舎 決勝5位
83%
D 真空ジェシカ 決勝3位
83%
C トレンディエンジェル よしもとクリエイティブ・エージェンシー 優勝・敗者復活
82%
A ウエストランド タイタン
82%
A ウエストランド タイタン 決勝9位
82%
C ウエストランド タイタン 優勝
82%
A とろサーモン よしもとクリエイティブ・エージェンシー
80%
A 霜降り明星 よしもとクリエイティブ・エージェンシー
80%
A とろサーモン よしもとクリエイティブ・エージェンシー
80%
A マヂカルラブリー よしもとクリエイティブ・エージェンシー
80%
B とろサーモン よしもとクリエイティブ・エージェンシー 優勝
80%
B マヂカルラブリー よしもとクリエイティブ・エージェンシー 決勝10位
80%
D 霜降り明星 よしもとクリエイティブ・エージェンシー
80%
B 霜降り明星 よしもとクリエイティブ・エージェンシー 優勝
80%
B マヂカルラブリー よしもとクリエイティブ・エージェンシー
80%
A マヂカルラブリー 吉本興業
80%
C ミルクボーイ 吉本興業 優勝
80%
B マヂカルラブリー 吉本興業 優勝
80%
B ハライチ ワタナベエンターテインメント 決勝9位
78%
C ハライチ ワタナベエンターテインメント 決勝6位
78%
C さや香 よしもとクリエイティブ・エージェンシー 決勝7位
78%
D ハライチ ワタナベエンターテインメント
78%
A ハライチ ワタナベエンターテインメント 決勝9位・敗者復活
78%
D さや香 吉本興業
78%
C ヤーレンズ ケイダッシュステージ
78%
D さや香 吉本興業 準優勝
78%
D ヤーレンズ ケイダッシュステージ 準優勝
78%
D さや香 吉本興業 決勝3位
78%
C ヤーレンズ 決勝5位
78%
A トム・ブラウン ケイダッシュステージ 決勝6位
77%
B トム・ブラウン ケイダッシュステージ
77%
A トム・ブラウン ケイダッシュステージ
77%
D トム・ブラウン 決勝6位
77%
B 銀シャリ よしもとクリエイティブ・エージェンシー 準優勝
75%
B 銀シャリ よしもとクリエイティブ・エージェンシー 優勝
75%
A ママタルト サンミュージックプロダクション
73%
A ママタルト サンミュージックプロダクション
73%
B ママタルト 決勝10位
73%
C オズワルド 吉本興業 決勝7位
72%
C オズワルド 吉本興業 決勝5位タイ
72%
C オズワルド 吉本興業 準優勝
72%
D オズワルド 吉本興業 決勝7位・敗者復活
72%
B オズワルド 吉本興業
72%
C エバース 吉本興業
72%
A オズワルド
72%
D エバース 決勝4位
72%
C さらば青春の光 ザ・森東
71%
C さらば青春の光 ザ・森東 決勝4位
71%
B さらば青春の光 ザ・森東
71%
D さらば青春の光 ザ・森東
71%
B ロングコートダディ 吉本興業
71%
C ロングコートダディ 吉本興業
71%
B ロングコートダディ 吉本興業 決勝4位
71%
D ロングコートダディ 吉本興業 決勝3位
71%
D ロングコートダディ 吉本興業
71%
A ロングコートダディ ワイルドカード
71%
C ジャルジャル よしもとクリエイティブ・エージェンシー 決勝3位
70%
C インディアンス よしもとクリエイティブ・エージェンシー
70%
C ジャルジャル よしもとクリエイティブ・エージェンシー
70%
C ジャルジャル よしもとクリエイティブ・エージェンシー 決勝6位
70%
B インディアンス よしもとクリエイティブ・エージェンシー
70%
C ジャルジャル よしもとクリエイティブ・エージェンシー 決勝3位
70%
C インディアンス 吉本興業 決勝9位
70%
C インディアンス 吉本興業 決勝7位・敗者復活
70%
C インディアンス 吉本興業 決勝3位
70%
B インディアンス
70%
D ぺこぱ サンミュージックプロダクション 決勝3位
69%
D ぺこぱ サンミュージックプロダクション
69%
B メイプル超合金 サンミュージックプロダクション 決勝7位
68%
A メイプル超合金 サンミュージックプロダクション
68%
D ニューヨーク よしもとクリエイティブ・エージェンシー
68%
A ランジャタイ オフィス北野
68%
C ニューヨーク よしもとクリエイティブ・エージェンシー
68%
B ニューヨーク 吉本興業 決勝10位
68%
A ランジャタイ グレープカンパニー
68%
D ニューヨーク 吉本興業 決勝5位タイ
68%
A ニューヨーク 吉本興業
68%
C ランジャタイ グレープカンパニー 決勝10位
68%
A ヨネダ2000 吉本興業
68%
B ヨネダ2000 吉本興業 決勝6位
68%
D ミキ よしもとクリエイティブ・エージェンシー
67%
D ミキ よしもとクリエイティブ・エージェンシー 決勝3位
67%
D ミキ よしもとクリエイティブ・エージェンシー 決勝4位・敗者復活
67%
D ミキ 吉本興業
67%
B ミキ 吉本興業
67%
A ダイタク よしもとクリエイティブ・エージェンシー
66%
A マユリカ よしもとクリエイティブ・エージェンシー
66%
A ダイタク 吉本興業
66%
B キュウ タイタン
66%
D ダイタク 吉本興業
66%
A マユリカ 吉本興業
66%
C ダイタク 吉本興業
66%
D キュウ タイタン
66%
B マユリカ 吉本興業
66%
B キュウ タイタン 決勝9位
66%
C ダイタク 吉本興業
66%
D マユリカ 吉本興業 決勝4位
66%
C マユリカ 決勝8位・敗者復活
66%
D ダイタク 決勝7位
66%
B ゆにばーす よしもとクリエイティブ・エージェンシー
65%
A ゆにばーす よしもとクリエイティブ・エージェンシー 決勝8位
65%
D ゆにばーす よしもとクリエイティブ・エージェンシー 決勝10位
65%
B ゆにばーす 吉本興業
65%
B ゆにばーす 吉本興業 決勝7位
65%
A 東京ホテイソン グレープカンパニー
63%
A 見取り図 よしもとクリエイティブ・エージェンシー
63%
B 見取り図 よしもとクリエイティブ・エージェンシー 決勝9位
63%
C 東京ホテイソン グレープカンパニー
63%
A 東京ホテイソン グレープカンパニー
63%
D 見取り図 吉本興業 決勝5位
63%
C おいでやすこが 吉本興業 準優勝
63%
C 東京ホテイソン グレープカンパニー 決勝10位
63%
D 見取り図 吉本興業 決勝3位
63%
B 東京ホテイソン グレープカンパニー
63%
B 見取り図 吉本興業
63%
B バッテリィズ 吉本興業
63%
B バッテリィズ 準優勝
63%
A からし蓮根 よしもとクリエイティブ・エージェンシー
61%
A からし蓮根 よしもとクリエイティブ・エージェンシー
61%
B からし蓮根 吉本興業 決勝6位
61%
B からし蓮根 吉本興業
61%
C からし蓮根 吉本興業
61%
D からし蓮根 吉本興業
61%
C 金属バット よしもとクリエイティブ・エージェンシー
59%
A 金属バット 吉本興業 ワイルドカード
59%
A 金属バット 吉本興業
59%
C 金属バット 吉本興業
59%
A 金属バット 吉本興業 ワイルドカード
59%
D スーパーマラドーナ よしもとクリエイティブ・エージェンシー 決勝5位
58%
B スーパーマラドーナ よしもとクリエイティブ・エージェンシー 決勝3位
58%
C スーパーマラドーナ よしもとクリエイティブ・エージェンシー 決勝4位タイ・敗者復活
58%
D スーパーマラドーナ よしもとクリエイティブ・エージェンシー 決勝7位
58%
D 馬鹿よ貴方は オフィス北野 決勝8位
57%
A 馬鹿よ貴方は オフィス北野 ワイルドカード
57%
D アキナ よしもとクリエイティブ・エージェンシー 決勝5位
57%
A アキナ よしもとクリエイティブ・エージェンシー ワイルドカード
57%
D アキナ よしもとクリエイティブ・エージェンシー
57%
B カベポスター 吉本興業
57%
B アキナ 吉本興業 決勝8位
57%
A カベポスター 吉本興業
57%
A カベポスター 吉本興業 決勝8位
57%
D カベポスター 吉本興業 決勝6位
57%
D カベポスター
57%
A ダンビラムーチョ よしもとクリエイティブ・エージェンシー
56%
B ラランド アマチュア
56%
A ラランド フリー ワイルドカード
56%
C ダンビラムーチョ 吉本興業
56%
D ダンビラムーチョ 吉本興業 決勝8位
56%
C ダンビラムーチョ
56%
D モグライダー マセキ芸能社 決勝8位
55%
C モグライダー マセキ芸能社 決勝7位
55%
A タイムマシーン3号 太田プロダクション 決勝4位
55%
C ダイヤモンド 吉本興業 決勝10位
53%
B 男性ブランコ 吉本興業
49%
D 男性ブランコ 吉本興業 決勝4位
49%
D シシガシラ 吉本興業 決勝9位・敗者復活
49%
A 十九人
49%
C ジョックロック 決勝9位
49%
C 男性ブランコ
49%
D シシガシラ
49%
B カミナリ グレープカンパニー 決勝7位
46%
B カミナリ グレープカンパニー 決勝9位
46%
A くらげ 吉本興業
46%
B すゑひろがりず 吉本興業 決勝8位
46%
C カミナリ グレープカンパニー
46%
A ダブルヒガシ 吉本興業 ワイルドカード
46%
B くらげ 吉本興業 決勝10位
46%
A ニッポンの社長 よしもとクリエイティブ・エージェンシー ワイルドカード
45%
D スリムクラブ よしもとクリエイティブ・エージェンシー 決勝8位
45%
B ニッポンの社長 よしもとクリエイティブ・エージェンシー
45%
A ニッポンの社長 吉本興業
45%
C ニッポンの社長 吉本興業
45%
A 相席スタート よしもとクリエイティブ・エージェンシー
44%
C 三四郎 マセキ芸能社
44%
D 相席スタート よしもとクリエイティブ・エージェンシー 決勝9位
44%
C 相席スタート よしもとクリエイティブ・エージェンシー
44%
C 三四郎 マセキ芸能社
44%
B 三四郎 マセキ芸能社
44%
C ギャロップ よしもとクリエイティブ・エージェンシー 決勝8位
44%
B スタミナパン SMA
44%
A スタミナパン
44%
C もも 吉本興業 決勝5位
43%
D 滝音 吉本興業
41%
A 滝音 吉本興業 ワイルドカード
41%
A フースーヤ 吉本興業
41%
A フースーヤ
41%
C 滝音
41%
C 四千頭身 ワタナベエンターテインメント
40%
C ななまがり 吉本興業
39%
B 豪快キャプテン 吉本興業
39%
D ななまがり 吉本興業
39%
B 今夜も星が綺麗
39%
C 豪快キャプテン
39%
D ナイツ マセキ芸能社
38%
A たくろう よしもとクリエイティブ・エージェンシー
37%
C コウテイ 吉本興業
37%
D コウテイ 吉本興業
37%
C ナイチンゲールダンス 吉本興業
37%
C ナイチンゲールダンス
37%
A シンクロニシティ フリー
35%
B Aマッソ ワタナベエンターテインメント
35%
B Aマッソ ワタナベエンターテインメント
35%
A 囲碁将棋 よしもとクリエイティブ・エージェンシー
33%
C 囲碁将棋 よしもとクリエイティブ・エージェンシー
33%
C 囲碁将棋 吉本興業
33%
A きしたかの マセキ芸能社
33%
B 金魚番長
33%
D 学天即 よしもとクリエイティブ・エージェンシー
32%
D 学天即 よしもとクリエイティブ・エージェンシー
32%
D 学天即 吉本興業
32%
B 家族チャーハン
32%
B ドンデコルテ
31%
C ダイアン よしもとクリエイティブ・エージェンシー
30%
A 豆鉄砲
30%
D ひつじねいり
30%
D ストレッチーズ 太田プロダクション
28%
A 例えば炎
27%
C 東京ダイナマイト よしもとクリエイティブ・エージェンシー
26%
C 東京ダイナマイト よしもとクリエイティブ・エージェンシー
26%
D 南海キャンディーズ よしもとクリエイティブ・エージェンシー
26%
B 南海キャンディーズ よしもとクリエイティブ・エージェンシー
26%
D 天竺鼠 よしもとクリエイティブ・エージェンシー
25%
B 天竺鼠 よしもとクリエイティブ・エージェンシー
25%
D 天竺鼠 吉本興業
25%
A ハイツ友の会 吉本興業
25%
B 華山 吉本興業
25%
B カラタチ
25%
A アインシュタイン よしもとクリエイティブ・エージェンシー
24%
A アインシュタイン よしもとクリエイティブ・エージェンシー
24%
D アインシュタイン よしもとクリエイティブ・エージェンシー
24%
D アインシュタイン 吉本興業
24%
B アインシュタイン 吉本興業
24%
B 侍スライス よしもとクリエイティブ・エージェンシー
23%
B 大自然 よしもとクリエイティブ・エージェンシー
22%
D 大自然 よしもとクリエイティブ・エージェンシー
22%
C 20世紀 吉本興業
22%
C プラス・マイナス よしもとクリエイティブ・エージェンシー
20%
B かもめんたる サンミュージックプロダクション
19%
A ドーナツ・ピーナツ 吉本興業
19%
B 祇園 吉本興業
18%
A タイムキーパー 吉本興業
17%
A THIS IS パン 吉本興業
17%
A アルコ&ピース 太田プロダクション
16%
D アルコ&ピース 太田プロダクション
16%
C ビスケットブラザーズ 吉本興業
16%
A カゲヤマ 吉本興業
15%
C 鬼としみちゃむ 吉本興業
15%
B 笑撃戦隊 ワタナベエンターテインメント
14%
A 笑撃戦隊 ワタナベエンターテインメント
14%
D ヘンダーソン 吉本興業
14%
A ぎょうぶ 吉本興業
14%
B ヘンダーソン 吉本興業
14%
C ケビンス 吉本興業
13%
B セルライトスパ よしもとクリエイティブ・エージェンシー
12%
B モンスターエンジン よしもとクリエイティブ・エージェンシー
12%
B セルライトスパ よしもとクリエイティブ・エージェンシー
12%
A セルライトスパ 吉本興業
12%
D チーモンチョーチュウ よしもとクリエイティブ・エージェンシー
11%
A アイロンヘッド よしもとクリエイティブ・エージェンシー
11%
B POISON GIRL BAND よしもとクリエイティブ・エージェンシー
10%
D 尼神インター よしもとクリエイティブ・エージェンシー
9%
No matching quizzes found
Score Distribution
Percent of People with Each Score
Percentile by Number Answered
Your Score History
You have not taken this quiz since the last reset